Las grandes culturas de la humanidad
محفوظ في:
| المؤلف الرئيسي: | |
|---|---|
| التنسيق: | كتاب |
| اللغة: | الإسبانية |
| منشور في: |
Ciudad de México
Fondo de Cultura Económica
1948
|
| الموضوعات: | |
| الوسوم: |
إضافة وسم
لا توجد وسوم, كن أول من يضع وسما على هذه التسجيلة!
|
MARC
| LEADER | 00000nam a2200000 a 4500 | ||
|---|---|---|---|
| 001 | UCP4355 | ||
| 003 | CL-VaPUC | ||
| 008 | 990724e19480000MX |||||||||||||||||spa|d | ||
| 082 | 0 | 4 | |a 306.09 |b TUR |2 21 |
| 100 | 0 | |a Turner, Ralph |e author |9 431822 | |
| 245 | 1 | 4 | |a Las grandes culturas de la humanidad |
| 300 | |a 2 v | ||
| 942 | |c BK | ||
| 945 | |d 19990724 00:00:00 |a crobeson | ||
| 260 | |a Ciudad de México |b Fondo de Cultura Económica |c 1948 | ||
| 500 | |a v.1: Las ciudades antiguas | ||
| 500 | |a v.2: Los imperios clásicos | ||
| 650 | 0 | |a Cultura |9 269059 | |
| 650 | 0 | |a Historia universal |9 266877 | |
| 650 | 7 | |a CULTURAS PRIMITIVAS |2 CL-VaPUC |9 431823 | |
| 650 | 0 | |a Civilizaciones antiguas |9 265998 | |
| 650 | 7 | |a PALEOHISTORIA |2 CL-VaPUC |9 431824 | |
| 650 | 0 | |a Cristianismo |9 257361 | |
| 650 | 0 | |a Judaísmo |9 269348 | |
| 650 | 0 | |a Imperialismo |9 258264 | |
| 650 | 0 | |a Imperio Romano |9 322785 | |
| 650 | 0 | |a Desarrollo cultural |9 267526 | |
| 651 | 0 | |a Mesopotamia |9 314286 | |
| 651 | 0 | |a India |9 267804 | |
| 651 | 7 | |a SUMERIA |2 CL-VaPUC |9 431825 | |
| 651 | 0 | |a Egipto |9 268199 | |
| 651 | 7 | |a CRETA |2 CL-VaPUC |9 266769 | |
| 651 | 0 | |a Grecia |9 265314 | |
| 651 | 0 | |a China |9 257545 | |
| 583 | |a last modification |c 19990724 00:00:00 |k Rodrigo Vera | ||
| 999 | |c 282339 |d 282337 | ||
| 952 | |0 0 |1 0 |4 0 |6 306_090000000000000_TUR_1948 |7 0 |8 A |9 323993 |a BIBHIS |b BIBHIS |d 2019-11-20 |h v.1 |i 1354035 |o 306.09 TUR 1948 |p 1354035 |r 2025-01-20 |w 2019-11-20 |y BK |k HIS | ||
| 952 | |0 0 |1 0 |4 0 |6 306_090000000000000_TUR_1948 |7 0 |8 A |9 323994 |a BIBHIS |b BIBHIS |d 2019-11-20 |h v.2 |i 1354043 |o 306.09 TUR 1948 |p 1354043 |r 2025-01-20 |w 2019-11-20 |y BK |k HIS | ||